000 00248nam a2200097 4500
999 _c514994
_d514994
082 _aTNC A45 D851
100 _aDubey, B.R.
_920027
245 _aShri Guru - tattwa - darshan: my Gurudev
260 _aBihar
_bHridaya Prakashan
_c2002
300 _a160p.